تاريخ الإسماعيلية / (Record no. 24830)
[ view plain ]
| 000 -الفاتح | |
|---|---|
| حقل البيانات ثابتة الطول | 01207nam a22003135a 4500 |
| 003 - محدد رقم الضبط | |
| رقم الضبط | OSt |
| 005 - وقت وتاريخ اخر تعامل مع التسجيلة | |
| رقم الضبط | 20201128024145.0 |
| 008 - عناصر البيانات ثابتة الطول - معلومات عامة | |
| حقل البيانات ثابتة الطول | 170514s1991 enka grb 000 0 ara d |
| 020 ## - الرقم الدولى المعيارى للكتب | |
| الرقم الدولى المعيارى للكتاب | 1855130599 (4 v.) |
| 020 ## - الرقم الدولى المعيارى للكتب | |
| الرقم الدولى المعيارى للكتاب | 1855130645 (v. 1) |
| 020 ## - الرقم الدولى المعيارى للكتب | |
| الرقم الدولى المعيارى للكتاب | 1855130696 (v. 2) |
| 020 ## - الرقم الدولى المعيارى للكتب | |
| الرقم الدولى المعيارى للكتاب | 1855130742 (v. 3) |
| 020 ## - الرقم الدولى المعيارى للكتب | |
| الرقم الدولى المعيارى للكتاب | 1855130793 (v. 4) |
| 020 ## - الرقم الدولى المعيارى للكتب | |
| الرقم الدولى المعيارى للكتاب | 9781855130593 |
| 040 ## - مصدر الفهرسة | |
| وكالة الفهرسة الأصلية | EG-ScBUE |
| لغة الفهرسة | ara |
| وكالة النسخ | EG-ScBUE |
| 082 04 - رقم تصنيف ديوى العشرى | |
| رقم التصنيف | 297.822 |
| رقم المادة | ت ا م |
| رقم الطبعة | 22 |
| 100 1# - المدخل الرئيسى - إسم شخصى | |
| الإسم الشخصى | تامر، عارف. |
| 9 (RLIN) | 383 |
| 245 10 - بيان العنوان | |
| العنوان | تاريخ الإسماعيلية / |
| بيان المسئوليه,etc | عارف تامر. |
| 246 35 - العنوان الموازى | |
| نص العرض | Added title page title : |
| عنوان صحيح/عنوان مختصر | The Ismaili history |
| 250 ## - بيان الطبعة | |
| بيان الطبعة | ط. 1. |
| 260 ## - PUBLICATION, DISTRIBUTION, ETC. (IMPRINT) | |
| مكان الناشر او الموزع | لندن ؛ |
| -- | قبرص : |
| اسم الناشر او الموزع | رياض الريس للكتب والنشر، |
| تاريخ النشر أو التوزيع | 1991. |
| 300 ## - الوصف المادى | |
| التعداد | 4 مج. : |
| تفاصيل ماديه اخرى للوعاء | إيض. ؛ |
| أبعاد الوعاء | 24 سم. |
| 504 ## - تبصرة ببليوجرافية | |
| تبصرة ببليوجرافية,الخ | يشتمل على إرجاعات ببليوجرافية. |
| 505 0# - تبصرة محتويات-الفهرس | |
| تبصرة المحتويات المصاغة | مج. 1. الدعوة والعقيدة -- مج. 2. من المغرب إلى المشرق -- مج. 3. الدولة الفاطمية الكبيرة -- مج. 4. الدولة النزارية. |
| 650 #7 - المدخل الاضافى بالموضوع-مصطلح موضوعى | |
| مصطلح موضوعي أو اسم جغرافي كعنصر مدخل | الإسماعيلية (فرقة إسلامية) |
| التقسيم الفرعي العام | تاريخ. |
| مصدر الرأس أو المصطلح | BUEsh |
| 651 ## - المدخل الاضافى بالموضوع - اسم جغرافى | |
| مصدر الرأس أو المصطلح | BUEsh |
| 653 ## - مصطلح تكشيفى غير مقيد | |
| Resource For college | Generalities |
| Arrived date list | May2017 |
| 942 ## - عناصر المدخل الإضافي( كوها) | |
| مصدر التصنيف او مخطط الترفيف | Dewey Decimal Classification |
| حالة التراجع | حالة الفقد | مصدر التصنيف او خطة الترفيف | حالة تلف | ليس للاعارة | مجموعات كوها | المكان الدائم | المكان الحالي | موقع الترفيف | تاريخ الاكتساب | Source of acquisition | سعر الشراء الطبيعي | تعداد مسلسل / التسلسل الزمني | رقم الاستدعاء | الباركود | Date last seen | التكلفة | تبصرة غير عامة( المفوع للعناصر المفقوده) | نوع الوعاء | تبصرة عامة |
|---|---|---|---|---|---|---|---|---|---|---|---|---|---|---|---|---|---|---|---|
| Dewey Decimal Classification | Madboly | Central Library | Central Library | Lower Floor | 14/05/2017 | Purchase | 350.00 | 04183 | 297.822 ت ا م | 000046079 | 15/07/2025 | 437.50 | السعر ل 4 مجلدات | Book - Borrowing | مج. 1 | ||||
| Dewey Decimal Classification | Madboly | Central Library | Central Library | Lower Floor | 14/05/2017 | Purchase | 350.00 | 04183 | 297.822 ت ا م | 000046080 | 15/07/2025 | 437.50 | السعر ل 4 مجلدات | Book - Borrowing | مج. 2 | ||||
| Dewey Decimal Classification | Madboly | Central Library | Central Library | Lower Floor | 14/05/2017 | Purchase | 350.00 | 04183 | 297.822 ت ا م | 000046081 | 15/07/2025 | 437.50 | السعر ل 4 مجلدات | Book - Borrowing | مج. 3 | ||||
| Dewey Decimal Classification | Madboly | Central Library | Central Library | Lower Floor | 14/05/2017 | Purchase | 350.00 | 04183 | 297.822 ت ا م | 000046082 | 15/07/2025 | 437.50 | السعر ل 4 مجلدات | Book - Borrowing | مج. 4 |